000 00476nam a2200169Ia 4500
999 _c8707
_d8707
003 OSt
005 20200826142246.0
008 190216s9999||||xx |||||||||||||| ||und||
020 _a8187522755
040 _coclc
082 _a658.84
_bBAN/L
100 _aBangia, Ramesh
_94360
245 0 _aLearning E-Commerce /
_cRamesh Bangia
260 _bKhanna Publishers,
_c2000.
_aNew Delhi:
300 _a173p
942 _cBK
_2ddc
_h658.84
_iBAN/L
_k658.84
_mBAN/L